000 00540nam a2200181 i 4500
001 45463
003 ES-MaACL
005 20230906161225.0
007 t|
008 030326s1921 fr ||||1| fre d
100 1 _aColin, Ambroise (
_d1862-1929)
_939586
245 1 0 _aCours elementaire de Droit Civil français /
_cpar Ambroise Colin et H. Capitant.
250 _a3ème ed.
260 _a[S.l. :
_bs.n.,
_c1921] (
_eVannes :
_fImp. Lafolye)
300 _a3 v. ;
_c26 cm.
700 1 _aCapitant, H.
_934853
852 _aES-MaACL
_jF-4789-91
999 _c45463
_d45463